Efficience et dimension des banques

Uloženo v:
Podrobná bibliografie
Hlavní autor: Dumont, Gerard - Francois
Médium: Kniha
Jazyk:Undetermined
Vydáno: Paris 1975
Témata:
Tagy: Přidat tag
Žádné tagy, Buďte první, kdo otaguje tento záznam!
Thư viện lưu trữ: Trung tâm Học liệu Trường Đại học Cần Thơ
LEADER 00503nam a2200181Ia 4500
001 CTU_89169
008 210402s9999 xx 000 0 und d
082 |a 332.109 
082 |b D893 
100 |a Dumont, Gerard - Francois 
245 0 |a Efficience et dimension des banques 
245 0 |c Gerard - Francois Dumont 
260 |a Paris 
260 |c 1975 
650 |a Banks and banking,Banks and banking 
650 |z France 
904 |i Truc 
980 |a Trung tâm Học liệu Trường Đại học Cần Thơ